Les 20 albums les plus vendues au monde - Statistiques

Statistiques générales
  • Ce quiz a été pris 78 fois
  • Le résultat moyen est 8 sur 40
Statistiques - réponses
Nombres de ventes Albums % Correct
Michael Jackson
79%
Michael Jackson
79%
Environ 70 millions d'albums vendus Thriller
79%
The Beatles
66%
The Beatles
66%
AC/DC
44%
Environ 30 millions d'albums vendus Bad
42%
Pink Floyd
42%
Celine Dion
29%
Environ 45 millions d'albums vendus The dark side of the moon
26%
ABBA
23%
Environ 50 millions d'albums vendus Back in Black
21%
Eagles
18%
Eagles
18%
Led Zeppelin
16%
Adele
15%
Whitney houston
13%
Environ 31 millions d'albums vendus 21
11%
Fleetwood Mac
11%
Guns N' Roses
11%
Environ 32 millions d'albums vendus Hotel California
11%
Environ 32 millions d'albums vendus Sgt. Pepper’s Lonely Hearts Club Band
8%
Meat Loaf
8%
Environ 40 millions d'albums vendus Rumours
8%
Environ 42 millions d'albums vendus Their greatest hits (1971 - 1975)
8%
Environ 44 millions d'albums vendus The Bodyguard (Soundtrack)
6%
Environ 31 millions d'albums vendus 1
5%
Bee Gees
5%
Environ 40 millions d'albums vendus Saturday Night Fever (soundtrack)
5%
Shania Twain
5%
Environ 30 millions d'albums vendus Appetite for destruction
3%
Environ 40 millions d'albums vendus Come on over
3%
Environ 30 millions d'albums vendus Gold: Greatest Hits
3%
Environ 37 millions d'albums vendus Led Zeppelin IV
3%
Alanis Morissette
2%
Environ 32 millions d'albums vendus Falling into you
2%
Environ 33 millions d'albums vendus Jagged Little Pill
2%
Santana
2%
Environ 43 millions d'albums vendus Bat out of the hell
0%
Environ 30 millions d'albums vendus Supernatural
0%
Aucun quiz correspondant
Distribution des résultats
% des personnes avec chaque résultat
Percentile par nombre de réponses
Votre historique - résultats
Vous n’avez pas pris ce quiz